John Lennon or Paul McCartney ? - Statistics

General Stats
  • This quiz has been taken 1,070 times
  • The average score is 12 of 14
Answer Stats
Question Answer % Correct
Was shot and killed in New York John Lennon
100%
Said "We are more popular than Jesus." John Lennon
98%
Is the main composer of "Yesterday" Paul McCartney
98%
Played bass guitar Paul McCartney
95%
Composed the soundtrack of a James Bond movie Paul McCartney
93%
Said "I started the band. I disbanded it. It's as simple as that." John Lennon
90%
Was born in 1940 John Lennon
88%
Have sold the most albums after the Beatles split up Paul McCartney
88%
Is vegetarian Paul McCartney
86%
Liverpool airport is named after him John Lennon
84%
His father was a musician too Paul McCartney
80%
Made public the separation of the Beatles Paul McCartney
73%
Returned his order of knighthood John Lennon
65%
His piano was bought by George Michael John Lennon
55%
No matching quizzes found
Score Distribution
Percent of People with Each Score
Percentile by Number Answered
Your Score History
You have not taken this quiz